000 00705nam a2200253 i 4500
001 C2-0010675
003 PPAK
005 20190630221907.0
008 970129s1995 my |||| ||||| | may d
020 _a9839188054
040 _aPPAK
_beng
_cPPAK
_erda
082 0 4 _a297.53
_223
090 0 0 _a297.53
_bALG
_dG
100 0 _aAl-Ghazali,
_cImam
_eauthor
245 1 0 _aRahsia serta hakikat ibadat puasa dan zakat
264 1 _aKuala Lumpur :
_bAl-Hidayah Publisher ,
_c1995
300 _av, 197 pages ;
_c21 cm
336 _2rdacontent
_atext
337 _2rdamedia
_aunmediated
338 _2rdacarrier
_avolume
650 1 0 _aFasting (Islam)
700 0 _aAli Akbar Osman,
_ecompile
942 _ddc
_cB
999 _c2755
_d2755